00557cam a2200181ua 4500001000400000008003900004020001800043040000900061082001600070245008100086250000900167260004000176300001900216653002200235653006400257700002900321700002500350924110423n ii |||gr||||Z||||||eng a81-7003-210-5 cMAIN a323.63095411 aPolitics of identity and nation buinding in northeast Indiacby Girin Phukan a1st. aDelhi:bSouth Asian publishers,995. axiv,187p.:0cm. aPolitical science aPolitics of identity and nation building in Northeast india aPhukan, Girin.,eAuthor. aN.L. Dutta,eAuthor.